| 000 | 00503pab a2200181 454500 | ||
|---|---|---|---|
| 008 | 180718b2008 xxu||||| |||| 00| 0 eng d | ||
| 100 | _aGuerin, Elodie | ||
| 245 | _aFrom amateurs to professionals: the changing face of local elected representatives in Europe | ||
| 260 | _c2008 | ||
| 300 | _ap.179-201. | ||
| 362 | _aApr | ||
| 650 | _aLocal government - Europe | ||
| 650 | _aLocal government | ||
| 700 | _aKerrouche, Eric | ||
| 773 | _aLocal Government Studies | ||
| 908 | _aN | ||
| 909 | _a78268 | ||
| 999 |
_c78268 _d78268 |
||